MLB the show 22 90+ - Statistics

General Stats
  • This quiz has been taken 428 times
  • The average score is 4 of 8
Answer Stats
Hint Answer % Correct
95 Trout
89%
94 Judge
81%
94 Ohtani
75%
93 Degrom
51%
92 Acuna
47%
92 Tatis
38%
90 Scherzer
34%
93 Ramirez
12%
No matching quizzes found
Score Distribution
Percent of People with Each Score
Percentile by Number Answered
Your Score History
You have not taken this quiz